000 00337nam a2200133Ia 4500
008 240624s9999 xx 000 0 und d
041 _aeng
082 _a423.071 ICF
100 _aICFAI
245 _aMETHODOLOGY OF TEACHING ENGLISH I WORKBO
260 _c2004
_aHyderabad
_bICFAI University
300 _a60 : p. : cm. ; 26
365 _cRS
999 _c6094
_d6094